Statistics for Random North America Map Quiz

Click here to take the quiz!

General Stats

  • This quiz has been taken 252 times
  • The average score is 7 of 8

Answers on the Map

Answers color-coded by a green-red scale on the quiz's map according to % correct below.
 

Answer Stats

Answer% Correct
Canada
100%
Costa Rica
96%
Mexico
96%
United States
96%
Dominican
Republic
95%
Nicaragua
91%
Belize
89%
Guatemala
89%
Haiti
89%
Trinidad
86%
Honduras
85%
Panama
85%
Cuba
84%
Jamaica
84%
Bahamas
83%
El Salvador
83%
St. Kitts
74%
St. Vincent
71%
Antigua
70%
Grenada
70%
Dominica
68%
Barbados
59%
St. Lucia
58%

Score Distribution

Percentile by Number Answered

Percent of People with Each Score

Your Score History

You have not taken this quiz